000
00344nam a22001457a 4500
008
210528b ||||| |||| 00| 0 eng d
020
_a
0314010033
041
_a
eng
080
_a
004
082
_a
004
100
_a
28
101
_a
SHKI
245
_a
PC Assembly Language An Introduction to Computer Systems
_c
Morneau,P
942
_2
udc
_c
BK
999
_c
57788
_d
57788